| 000 | 00662nam a2200205Ia 4500 | ||
|---|---|---|---|
| 003 | IN-BaIIA | ||
| 008 | 211028s9999 xx 000 0 eng d | ||
| 020 | _a0-87590-215-4 | ||
| 040 | _cIIA Library | ||
| 080 |
_a551.594.5 _bEAT |
||
| 100 |
_aEather, Robert H _912316 |
||
| 245 | 0 |
_aMajestic lights _bthe aurora in science, history and the arts _cRobert H Eather |
|
| 260 |
_aWashington _bAmerican Geophysical Union _c1980 |
||
| 300 | _aix, 323p. | ||
| 650 | _aAstronomy and astrophysics thesaurus | ||
| 650 |
_aAtmospheric radiation _94010 |
||
| 650 |
_aAurora _970 |
||
| 650 |
_aMajestic lights _912317 |
||
| 942 | _cBK | ||
| 999 |
_c7182 _d7182 |
||